00932nam a22002297a 4500999001500000003000900015008004100024020001800065040007400083082001800157100002300175245003400198260003600232300001700268440004900285505026100334650002900595650002100624650003300645942001600678945000800694 c6501d6501AR-CdUCM190318b ||||| |||| 00| 0 spa d a84-02-06791-3 aMUNICIPALIDAD PROVINCIAL DEL CUSCOcBIBLIOTECA MUNICIPAL DEL CUSCOe  a940.53 /bZ67 aZentner, Christian aLas guerras de la posguerra / aBarcelona : bBruguera, c1980. a3.t.c27 cm. aGrandes guerras de nuestro tiempon15918409 aContenido :t.1. Del elba al yalu -- El amo blanco debe marcharse -- Trece días que estremecieron al mundo -- A la sombra del cubano -- Cerco hostil en torno a Israel -- t.2. Trece días que estremecieron al mundo -- t.3. Cerco hostil en torno al Israel. aPolítica mundial93360 a1945-1973918410 aSegunda guerra mundial93486 2ddccLIBROS arum